000 00819cab a2200205 4500
001 ABS47996
008 090401t xxu||||| |||| 00| 0 eng d
035 _a(Sirsi) u64353
041 _aeng
245 _aMarket data
260 _c11(2) Winter 1992/93, 191-194(4)
350 _a0
490 _aJournal of Property Valuation and Investment
_v11(2) Winter 1992/93, 191-194(4)
520 _aMeasures of property market performance are collated in this survey of indices and company research reports. Retail, office and industrial property is incorporated, with sections on the housing, international and investment markets.
650 _aPERFORMANCE INDICATORS
650 _aPROPERTY MARKET
690 _aPROPERTY-COMMERCIAL PROPERTY-COMMERCIAL PROPERTY FINANCE AND INVESTMENT
942 _n0
948 _c04/03/1997
999 _c40077
_d40077